000 00413nam a2200181Ia 4500
001 23489
005 20260414150940.0
008 260414t2012||||xx |||||||||||||| ||spa||
041 _aESP
082 _a650.1
_bT36A
100 _aTemiño Aguirre, Ignacio
_eAUT
245 0 _aMercadona
_b
260 _c2012
300 _a93 páginas :
_c28 cm.
650 _aGEN
654 _aCCO
942 _cLIB
_dJUS
_fJUS
_2ddc
_n
999 _c23489
_d23489